| 000 | 00758nam a22002657a 4500 | ||
|---|---|---|---|
| 003 | CHAP | ||
| 005 | 20220329134238.0 | ||
| 008 | 971013s1963 r 00010 d | ||
| 010 | _a17538 | ||
| 011 | _a18510 | ||
| 035 | _a22595 | ||
| 040 | _cCHAP | ||
| 082 |
_a635.25 _bJ65 |
||
| 100 | 0 | 0 |
_aJones, Henry A. _962019 |
| 245 | _aOnions and their allies, botany, cultivation and utilization | ||
| 260 |
_aLondon : _bLeonard Hill, _c1963 |
||
| 300 |
_a286 p. _b: ilus |
||
| 590 |
_aBATCH-UPD _b10 _c20130110 _lUCH01 _h1345 |
||
| 590 |
_aCONVERSION _b10 _c20130109 _lUCH01 _h1311 |
||
| 650 | 1 | 4 |
_aCebolla. _920749 |
| 700 | 0 |
_aMann, Louis K. _970512 |
|
| 901 | _aBK | ||
| 942 | _cLIBRO | ||
| 949 |
_a635.25 J65 _bBC _cLIBRO _d33724000261889 _eLIBRO _h24081 _i22595 _si |
||
| 999 |
_c17538 _d17538 |
||